000 00547nam a2200217Ia 4500
003 OSt
005 20220928151913.0
006 a|||||r|||| 00| 0
007 ta
008 220927b |||||||| |||| 00| 0 eng d
024 _a132047
037 _cTextual
040 _aSDCL
_cSDCL
_beng
041 _2eng
_aeng
082 _aI:33C5, M7
100 _aFuruya Masaki
_9518442
245 0 _aPhytochrome and photoregulation in plants.
260 _c1987
942 _hI:33C5, M7
_cTEXL
_2CC
999 _c853328
_d853328